The Dhammapada : (Record no. 55822)

MARC details
000 -LEADER
fixed length control field 00855nam a22002537a 4500
005 - DATE AND TIME OF LATEST TRANSACTION
control field 20110823143850.0
008 - FIXED-LENGTH DATA ELEMENTS--GENERAL INFORMATION
fixed length control field 110823t xxu||||| |||| 00| 0 eng d
010 ## - LCCN (DPL NO)
LC control number ENG-103566
020 ## - INTERNATIONAL STANDARD BOOK NUMBER
International Standard Book Number 9788183822381
Terms of availability 250.00
035 ## - SYSTEM CONTROL NUMBER
System control number EN-87099
037 ## - SOURCE OF ACQUISITION
Source of stock number/acquisition DBAD/PUB
040 ## - CATALOGING SOURCE
Original cataloging agency DPL
Language of cataloging Eng
082 ## - DEWEY DECIMAL CLASSIFICATION NUMBER
Classification number 250
100 ## - MAIN ENTRY--PERSONAL NAME
9 (RLIN) 33301
245 ## - TITLE STATEMENT
Title The Dhammapada :
Statement of responsibility, etc translated by F. Max Muller
Remainder of title the Gita of Buddhism /
260 ## - PUBLICATION, DISTRIBUTION, ETC. (IMPRINT)
Place of publication, distribution, etc New Delhi
Name of publisher, distributor, etc Lotus Press
Date of publication, distribution, etc 2011
270 ## - ADDRESS
Address 4263/3, Ansari Road, Darya Ganj
City New Delhi
Postal code 110002
300 ## - PHYSICAL DESCRIPTION
Extent 174p.
Dimensions 22cm (pbk)
490 ## - SERIES STATEMENT
Series statement India bookvarsity lotus choices ; edited by Mahendra Kulasrestha
-- 33423
650 ## - SUBJECT ADDED ENTRY--TOPICAL TERM
9 (RLIN) 33306
700 ## - ADDED ENTRY--PERSONAL NAME
9 (RLIN) 33298
942 ## - ADDED ENTRY ELEMENTS (KOHA)
Source of classification or shelving scheme Dewey Decimal Classification
Item type English Books
Classification part 250
Call number suffix DHA
Holdings
Withdrawn status Lost status Source of classification or shelving scheme Damaged status Not for loan Collection code Home library Current library Date acquired Source of acquisition Cost, normal purchase price Total Checkouts Full call number Barcode Date last seen Copy number Cost, replacement price Koha item type
    Dewey Decimal Classification   Not For Loan Non-fiction D.B.Act.Division D.B.Act.Division 23/08/2011 DBAD/PUB 250.00   250 DHA EN-87099 23/08/2011 1 250.00 English Books

© Delhi Public Library
Hit Counter
free hit counter